000 04874nam a22005297a 4500
005 20100401140235.0
008 100401t xxu||||| |||| 00| 0 eng d
010 _aB-408749-769
020 _a978184794021
_c750.00
035 _aB-408749-769
037 _bPansy Books
040 _adpl
_bEnglish
082 _a658.16
100 _aCollins, Jim
245 _aHow the mighty fall:
_cby Jim Collins
_band why some companies never give in /
260 _aLondon
_bHarperCollins Publishers
_c2009
270 _bLondon
_aRandom House, 20 Vauxhall Bridge Road,
_e201301
300 _axiv, 222p.
_c21cm(Hk)
500 _aIncludes index
650 _aBusiness failures.
650 _aSuccess in business.
650 _aOrganizational change
650 _aManagement
942 _2ddc
_cEN
_mCOL
_h658.16
999 _c35010
_d35010